000 00985cam a22003014i 4500
003 PE-LiUPU
005 20250731184107.0
008 150625s r 000 0 d
035 _a(Sirsi) a31436
040 _aPE-LiUPU
_bspa
_cPE-LiUPU
_erda
082 0 4 _a892.41
_bO29
_221
100 1 _aO´connor, M.,
_eautor.
245 1 0 _aHebrew verse structure.
264 1 _a
336 _atext
_2rdacontent
337 _aunmediated
_2rdamedia
338 _avolume
_2rdacarrier
526 _aP145
526 _aP127
526 _aP97
526 _aP14
526 _aP07
942 _2ddc
_cBOOK
949 _a892.41 O29
_wDEWEY
_c1
_i38024
_lCCODEBUL1
_mBUL
_p00.00
_r0
_sY
_tBOOK
_u2015-06-25
_xBIBLIOTECA
_zUNKNOWN
_0COMPRA
_o.STAFF. Colección General
596 _a1
999 _a892.41 O29
_wDEWEY
_c38990
_i38024
_f2021-11-11
_g5
_lCCODEBUL1
_mBUL
_r0
_sY
_tBOOK
_u2015-6-25
_xTEOLOGIA
_zUNKNOWN
_0COMPRA
_o.STAFF. Colección General
_d38990
980 _81
_gALBERTO SANCHEZ Responsable de Automatización